Παρακολούθηση λειτουργίας της μονάδας επεξεργασίας υγρών αποβλήτων της πόλης των Ιωαννίνων και προσδιορισμός των ενώσεων του φωσφόρου στα διάφορα στάδια της επεξεργασίας : πτυχιακή εργασία
Αποθηκεύτηκε σε:
| Κύριος συγγραφέας: | |
|---|---|
| Συγγραφή απο Οργανισμό/Αρχή: | |
| Άλλοι συγγραφείς: | |
| Μορφή: | Thesis Βιβλίο |
| Γλώσσα: | Greek |
| Δημοσίευση: |
Μυτιλήνη :
Πανεπιστήμιο Αιγαίου, Τμήμα Περιβάλλοντος,
2004
|
| Θέματα: | |
| Διαθέσιμο Online: | http://hdl.handle.net/11610/10424 |
| Ετικέτες: |
Προσθήκη ετικέτας
Δεν υπάρχουν, Καταχωρήστε ετικέτα πρώτοι!
|
MARC
| LEADER | 00000cam a2200000 i 4500 | ||
|---|---|---|---|
| 001 | 1/82833 | ||
| 008 | 050803s2004 gre d | ||
| 035 | |l 10079624 | ||
| 040 | |a GR-MY-UA |b gre |e aacr | ||
| 041 | 0 | |a gre | |
| 082 | 0 | |a 628.3 |2 (22) | |
| 100 | 1 | |a Κοσμά, Χριστίνα. | |
| 245 | 1 | 0 | |a Παρακολούθηση λειτουργίας της μονάδας επεξεργασίας υγρών αποβλήτων της πόλης των Ιωαννίνων και προσδιορισμός των ενώσεων του φωσφόρου στα διάφορα στάδια της επεξεργασίας : |b πτυχιακή εργασία / |c Κοσμά Χριστίνα ; υπεύθυνος καθηγητής Λέκκας Θεμιστοκλής |
| 260 | |a Μυτιλήνη : |b Πανεπιστήμιο Αιγαίου, Τμήμα Περιβάλλοντος, |c 2004 | ||
| 300 | |a 148 σ.; |b πιν., διαγρ., σχ., φωτ.; |c 30 εκ. | ||
| 502 | |a Πτυχιακή εργασία – Πανεπιστήμιο Αιγαίου, Λέσβος, 2004. | ||
| 504 | |a Βιβλιογραφία: 134-135 | ||
| 650 | 0 | 0 | |a Sewage disposal plants |x Efficiency |z Greece |z Ioannina. |
| 650 | 0 | 0 | |a Sewage |x Purification |z Greece |z Ioannina. |
| 650 | 0 | 0 | |a Sewage |x Purification |x Phosphate removal. |
| 650 | 0 | 0 | |a Dissertations, Academic |z Greece. |
| 700 | 1 | |4 ths |a Λέκκας, Θεμιστοκλής Δ. | |
| 710 | 2 | |a Πανεπιστήμιο Αιγαίου. |b Σχολή Περιβάλλοντος. |b Τμήμα Περιβάλλοντος. | |
| 852 | |a INST |b LESVOS |c DIATR |e 20050803 |h 899 |p 005100031408 |q 005100031408 |t DIE |y 23 | ||
| 852 | |a INST |b LESVOS |c DIATR |e 20050803 |h 900 |p 005100031407 |q 005100031407 |t DIE |y 23 | ||
| 856 | |u http://hdl.handle.net/11610/10424 | ||
| 901 | |a BIBL1-2005-2 | ||
| 909 | |a Λ |b 111862 | ||
| 909 | |a Λ |b 111863 | ||
| 924 | |a ΚΟΣΜΑ |b ΧΡΙΣΤΙΝΑ |y ΛΕΣΒΟΣ |z 2004-10 | ||
| 970 | |a ΜΑΡΙΝΑΤΟΥ |b ΜΥΡΣΙΝΗ |z 2005/08/03 | ||